| 000 | 00641nam a22002177a 4500 | ||
|---|---|---|---|
| 003 | NUST | ||
| 005 | 20220907162342.0 | ||
| 008 | 171002b xxu||||| |||| 00| 0 eng d | ||
| 038 | _aAttaullah. | ||
| 040 | _cNUST | ||
| 082 | _a330 | ||
| 100 |
_aJanjua,Hira _95143 |
||
| 245 |
_aImpact of fiscal decentralization on poverty in Pakistan / _cHira Janjua. |
||
| 260 |
_aIslamabad : _c2016. _bS3H - NUST, |
||
| 300 |
_a68p. : ill. ; _c30cm. |
||
| 500 | _aHard Cover. | ||
| 650 |
_aEconomics - MS Thesis. _917366 |
||
| 700 |
_aDr. Samina Naveed. _917416 |
||
| 856 | _uhttp://10.250.8.41:8080/xmlui/handle/123456789/3484 | ||
| 942 |
_2ddc _cTHE |
||
| 999 |
_c331510 _d331510 |
||